| 000 | 01357cam a2200445 i 4500 | ||
|---|---|---|---|
| 001 | 44472 | ||
| 003 | KOSZ 005 | ||
| 005 | 20211105102629.0 | ||
| 008 | 021108s2002 pl a f f |000 0 pol | ||
| 015 | _aPB 2002/18219 | ||
| 020 | _a8320614511 | ||
| 040 |
_aWA N _cWA N _dKOSZ 005/HR |
||
| 041 | 0 | _apol | |
| 046 | _k2002 | ||
| 080 | _a504.05 | ||
| 080 | _a629.3.07 | ||
| 080 | _a656.1/.5 | ||
| 080 | _a(07) | ||
| 100 | 1 |
_aChłopek, Zdzisław _eAutor |
|
| 245 | 1 | 0 |
_aOchrona środowiska naturalnego / _cZdzisław Chłopek. |
| 260 |
_aWarszawa : _bWydawnictwa Komunikacji i Łączności, _c2002. |
||
| 300 |
_a174 s. : _bil. ; _c25 cm. |
||
| 380 | _aKsiążki | ||
| 380 | _aPublikacje fachowe | ||
| 388 | _a2001- | ||
| 490 | 1 | _aPojazdy Samochodowe. | |
| 504 | _aBibliogr. | ||
| 650 | 4 | _aTransport samochodowy | |
| 650 | 4 | _aWpływ na środowisko | |
| 650 | 4 | _aSamochody | |
| 650 | 4 | _aObsługa i eksploatacja | |
| 655 | 4 | _aPodręcznik | |
| 658 | _aTransport i logistyka | ||
| 658 | _aInżynieria i technika | ||
| 658 | _aOchrona środowiska | ||
| 710 | 2 |
_aWydawnictwa Komunikacji i Łączności _4pbl. |
|
| 830 | 0 | _aPojazdy Samochodowe | |
| 856 |
_uhttp://koha.tu.koszalin.pl/cgi-bin/koha/opac-detail.pl?biblionumber=44472 _yKatalog online BPK |
||
| 942 |
_2UKD _cKS |
||
| 999 |
_c44472 _d44472 |
||